000 00688nam a2200181Ia 4500
008 150223s9999 xx 000 0 und d
020 _a9710867784
050 _aPE 1112
_b.J86 2007
100 _aJoven, Jose R.
245 _aEnglish plus:
_bfor asian students /
_cJose R. Joven.
260 _aMandaluyong City:
_bNational Bookstore ,
_c2007
300 _a207 pages :
_bIllustration;
_c22 cm.
504 _aIncludes bibliographical references.
520 _acommon phrase in englsh
650 _aA glimpse at basic grammar and syntax
_xLearning competencies.
650 _aLanguage function
_xLearning competencies.
650 _aVocabulary building
_bImportance of building vocabularies.
999 _c283267
_d283267